| 000 | 00774nam a2200205 i 4500 | ||
|---|---|---|---|
| 001 | 164087 | ||
| 003 | ES-MaACL | ||
| 005 | 20230906212853.0 | ||
| 008 | 050726s1886 sp | |||||||| ||spa d | ||
| 040 |
_aCAM _bspa _cCAM |
||
| 100 | 1 |
_aRubio, Ricardo. _9100376 |
|
| 245 | 1 | 3 |
_aLa enseñanza primaria y profesional en París / _cpor Ricardo Rubio. |
| 260 |
_aMadrid : _b[s.n.], _c1886 ( _fImprenta de M. Burgasé) |
||
| 300 |
_a8 p. ; _c23 cm. |
||
| 594 | _aPrecede al tit.: Museo Pedagógico de Instrucción Primaria. | ||
| 650 | 4 |
_aFormación profesional- _zParís. _9150837 |
|
| 650 | 4 |
_aEnseñanza primaria- _zParís. _9150838 |
|
| 710 | 2 |
_aMuseo de Instrucción Primaria (España) _9172176 |
|
| 852 |
_aES-MaACL _jT-1139-F-4 _z-- Enc. hol. _z-- Enc. en un vol. facticio |
||
| 999 |
_c164087 _d164087 |
||